Visualizzazione normale
Vista MARC
- Natoli Piero
di Personal Name
Records bibliografici associati: 1
001 - CONTROL NUMBER
- control field: 36840
003 - CONTROL NUMBER IDENTIFIER
- control field: IT-RoPau
005 - DATE AND TIME OF LATEST TRANSACTION
- control field: 20151125152840.0
008 - FIXED-LENGTH DATA ELEMENTS
- fixed length control field: 151125|| aca||aabn | a|a d
040 ## - CATALOGING SOURCE
- Original cataloging agency: IT-RoPau
- Transcribing agency: IT-RoPau
100 ## - HEADING--PERSONAL NAME
- Personal name: Natoli Piero
- Miscellaneous information: Codice regista SPICS: 13326
670 ## - SOURCE DATA FOUND
- Source citation: Work cat.: (IT-RoPau)104640: Natoli Piero Codice regista SPICS: 13326, CON FUSIONE CON FUSIONE (Rif. Codice opera principale : 29107)